Central Library OPAC University of Rajshahi

Evolution of the vertebrates : (Record no. 53246)

MARC details
000 -LEADER
fixed length control field 00945nam a2200301 a 4500
001 - CONTROL NUMBER
control field 53246
003 - CONTROL NUMBER IDENTIFIER
rucl marc code BD-RjUL
005 - DATE AND TIME OF LATEST TRANSACTION
control field 20211209075930.0
008 - FIXED-LENGTH DATA ELEMENTS--GENERAL INFORMATION
fixed length control field 161004s1980 nyua b 001 0 eng
020 ## - INTERNATIONAL STANDARD BOOK NUMBER
International Standard Book Number 0471049662
Terms of availability $22.50 (est.)
035 ## - SYSTEM CONTROL NUMBER
System control number (BD-RjUL)53366
040 ## - CATALOGING SOURCE
Original cataloging agency DLC
Transcribing agency DLC
Modifying agency DLC
Language of cataloging eng
041 ## - LANGUAGE CODE
Language code of text/sound track or separate title eng
082 00 - DEWEY DECIMAL CLASSIFICATION NUMBER
Classification number 566
Author mark and year COE 1980
100 1# - MAIN ENTRY--PERSONAL NAME
Personal name Colbert, Edwin Harris,
Dates associated with a name 1905-
9 (RLIN) 159158
245 10 - TITLE STATEMENT
Title Evolution of the vertebrates :
Remainder of title a history of the backboned animals through time /
Statement of responsibility, etc. Edwin H. Colbert.
250 ## - EDITION STATEMENT
Edition statement 3d ed.
260 ## - PUBLICATION, DISTRIBUTION, ETC. (IMPRINT)
Place of publication, distribution, etc. New York :
Name of publisher, distributor, etc. J. Wiley,
Date of publication, distribution, etc. c1980.
300 ## - PHYSICAL DESCRIPTION
Pagination xvi, 510 p. :
Illustrations ill. ;
Size 24 cm.
500 ## - GENERAL NOTE
General note "A Wiley-Interscience publication."
General note Includes index.
504 ## - BIBLIOGRAPHY, ETC. NOTE
Bibliography, etc Bibliography: p. 464-472.
650 #0 - SUBJECT ADDED ENTRY--TOPICAL TERM
Topical term or geographic name as entry element Vertebrates, Fossil.
9 (RLIN) 159159
Topical term or geographic name as entry element Vertebrates
General subdivision Evolution.
9 (RLIN) 159160
Topical term or geographic name as entry element Vertebrates
General subdivision Phylogeny.
9 (RLIN) 159161
942 ## - ADDED ENTRY ELEMENTS (KOHA)
Source of classification or shelving scheme Dewey Decimal Classification
Koha item type Books
Holdings
Lost status Source of classification or shelving scheme Damaged status Not for loan Collection code Permanent Location Current Location Shelving location Date acquired Total Checkouts Full call number Date last seen Copy number Koha item type
  Dewey Decimal Classification     Non-fiction Central Library, University of Rajshahi Central Library, University of Rajshahi   29/10/1989   566 COE 1980 04/10/2016 C-2 Books